Biología molecular del gen / (Registro nro. 435)

Detalles MARC
000 -LEADER
fixed length control field 02038 am a2200517 a 4500
005 - FECHA ULTIMA MODIFICACION
control field 20240223101557.0
008 - CAMPO DE CONTROL (LIBRO)
fixed length control field 100629s2005||||sp a f |||| 001 0 spa d
020 ## - INTERNATIONAL STANDARD BOOK NUMBER
ISBN 8479035056
041 ## - CODIGO DE IDIOMA
Código de idioma del texto/pista de sonido o título separado spa
092 ## - SIGNATURA TOPOGRAFICA DEWEY LOCAL
número de clasificación 577.21
libristica 7
sección BIO
245 ## - TITULO PROPIAMENTE DICHO
Título Biología molecular del gen /
Mención de responsabilidad y remanente de la transcripción de la portada James D. Watson
250 ## - MENCION DE EDICION
Mención de edición 5a ed. versión en español de la obra original en inglés /
Mención de responsabilidad relacionada con la ed. Traducción Octavio Giovanello, Jorge Negrete y karina Tzal.
260 ## - PIE DE IMPRENTA
Lugar de publicación, distribución, etc Madrid:
Nombre de la editorial, distribuidor, etc Editorial Médica Panamericana;
Fecha de publicación 2005.
300 ## - DESCRIPCION FISICA
Extension 776 p.
Otros detalles físicos il.
500 ## - NOTA GENERAL
Nota general Watson, J. et al. (2005). Biología molecular del gen. (5a ed.). Buenos Aires : Editorial Médica Panamericana.
590 ## - NOTAS LOCALES (RLIN)
Nota local Donación Editorial, 2005
653 ## - TÉRMINO INDIZADO - PALABRAS CLAVES
Palabra clave Visión mendeliana del mundo
653 ## - TÉRMINO INDIZADO - PALABRAS CLAVES
Palabra clave Acidos nucleicos transmiten información genética
653 ## - TÉRMINO INDIZADO - PALABRAS CLAVES
Palabra clave Interacciones químicas débiles
653 ## - TÉRMINO INDIZADO - PALABRAS CLAVES
Palabra clave Enlaces de alta energía
653 ## - TÉRMINO INDIZADO - PALABRAS CLAVES
Palabra clave Enlaces débiles y fuertes determinan la estructura macromolecular
653 ## - TÉRMINO INDIZADO - PALABRAS CLAVES
Palabra clave Estructuras del DNA y el RNA
653 ## - TÉRMINO INDIZADO - PALABRAS CLAVES
Palabra clave Cromosomas, cromatinas y el nucleosoma
653 ## - TÉRMINO INDIZADO - PALABRAS CLAVES
Palabra clave Duplicación del DNA
653 ## - TÉRMINO INDIZADO - PALABRAS CLAVES
Palabra clave Mutabilidad y la reparación del DNA
653 ## - TÉRMINO INDIZADO - PALABRAS CLAVES
Palabra clave Recombinación homóloga en el nivel molecular
653 ## - TÉRMINO INDIZADO - PALABRAS CLAVES
Palabra clave Recombinación especifica de sitio y transposición del DNA
653 ## - TÉRMINO INDIZADO - PALABRAS CLAVES
Palabra clave Mecanismos de transcripción
653 ## - TÉRMINO INDIZADO - PALABRAS CLAVES
Palabra clave Empalme del RNA
653 ## - TÉRMINO INDIZADO - PALABRAS CLAVES
Palabra clave Traducción
653 ## - TÉRMINO INDIZADO - PALABRAS CLAVES
Palabra clave Código genético
653 ## - TÉRMINO INDIZADO - PALABRAS CLAVES
Palabra clave Regulación génica en los procariontes
653 ## - TÉRMINO INDIZADO - PALABRAS CLAVES
Palabra clave Regulación génica en los eucariontes
653 ## - TÉRMINO INDIZADO - PALABRAS CLAVES
Palabra clave Regulación génica durante el desarrollo
653 ## - TÉRMINO INDIZADO - PALABRAS CLAVES
Palabra clave Genómica comparada y evolución de la diversidad animal
653 ## - TÉRMINO INDIZADO - PALABRAS CLAVES
Palabra clave Técnicas de biología molecular
653 ## - TÉRMINO INDIZADO - PALABRAS CLAVES
Palabra clave Modelos de organismos
700 1# - ENTRADAS SECUNDARIAS - NOMBRE PERSONAL
Nombre personal Watson, James D.
9 (RLIN) 233
700 1# - ENTRADAS SECUNDARIAS - NOMBRE PERSONAL
Nombre personal Baker, Tania A.
9 (RLIN) 1137
700 1# - ENTRADAS SECUNDARIAS - NOMBRE PERSONAL
Nombre personal Bell, Stephen P.
9 (RLIN) 1138
700 1# - ENTRADAS SECUNDARIAS - NOMBRE PERSONAL
Nombre personal Gann, Alexander.
9 (RLIN) 1139
700 1# - ENTRADAS SECUNDARIAS - NOMBRE PERSONAL
Nombre personal Levine, Michael.
9 (RLIN) 1140
700 1# - ENTRADAS SECUNDARIAS - NOMBRE PERSONAL
Nombre personal Losick, Richard.
9 (RLIN) 1141
930 ## - NUMERO DE INVENTARIO
Número de inventario 1398
942 ## - ADDED ENTRY ELEMENTS (KOHA)
Source of classification or shelving scheme Dewey Decimal Classification
Item type Libros
Existencias
Estado de retiro Existencia Fuente de clasificación Estado general No para prestamo Colección Ubicación permanente ubicación actual Sala de ubicación Fecha de adquisición Total Checkouts Número de clasificación Código de barras Date last seen Date last borrowed Número de ejemplar Price effective from Koha tipo de elemento (item) Public note
    Dewey Decimal Classification     Reference Biblioteca Medicina Biblioteca Medicina Referencia 13/05/2011 26 577.21 7 BIO 1398 02/05/2017 28/04/2017 ej.1 23/08/2011 Reference LIBRO DE CONSULTA

UNIVERSIDAD NACIONAL DEL COMAHUE
Biblioteca de la Facultad de Ciencias Médicas
Sede Toschi: Los Arrayanes y Av. Toschi, Cipolletti  - Rio Negro
Sede Los Tordos:  Yrigoyen al 2211, Cipolletti - Rio Negro 

Teléfono: 0299 - 4774707 int 25
Contacto: biblioteca@facimed.uncoma.edu.ar
© 2011 - 2026